00304nam a2200109Ia 4500008004100000082001200041082000800053245005200061245003600113260003600149300000900185231017s9999 xx 000 0 und d a624.254 bMOU 0aTolerable movement criteria for highway bridges 0cUS Department of Transportation bUS Department of Transportation c30cm